MARC

LEADER 00000nam0a2200000 4500
001 671728
005 20240326130329.0
035 |a (RuTPU)RU\TPU\book\134765 
090 |a 671728 
100 |a 20071102d1924 km|y0rusy50 ca 
101 0 |a rus 
102 |a RU 
105 |a a z 001zy 
181 0 |a i   |b  e  
182 0 |a n 
183 0 |a nc  |2 RDAcarrier 
200 1 |a Приложение теории решеток к винту  |f Центральный аэрогидродинамический институт ; В. Л. Александров 
210 |a Москва  |c [Б. и.]  |d 1924 
215 |a 18 с.  |c ил. 
225 1 |a Труды Центрального аэро-гидродинамического института  |v Вып. 6(50) 
283 |a volume 
320 |a Библиография в конце статей 
606 |a Аэродинамические установки  |2 stltpush  |3 (RuTPU)RU\TPU\subj\29887  |9 53119 
610 1 |a ветряные мельницы 
610 1 |a гребной винт 
610 1 |a теория решеток 
610 1 |a лопасти 
610 1 |a расчетные формулы 
610 1 |a плоскопараллельные потоки 
675 |a 533.6.07  |v 3 
700 |a Александров  |b В. Л. 
712 0 2 |a Центральный аэрогидродинамический институт (ЦАГИ)  |c (Москва)  |3 (RuTPU)RU\TPU\col\4446 
801 1 |a RU  |b 63413507  |c 20240322  |g PSBO 
801 2 |a RU  |b 63413507  |c 20240322  |g PSBO 
942 |c CR